Aferrarse al mundo : historias de lectoras, lectores y sus bibliotecas /

Bibliographic Details
Other Authors: Marín Colorado, Paula Andrea (Editor)
Format: Electronic eBook
Language:Spanish
Published: Bogotá : Editorial UTADEO, [2023]
Edition:Primera edición.
Subjects:
Online Access:Digitalia Hispánica

MARC

LEADER 00000nam a2200000Ii 4500
001 DIGEJTLOZ200
003 NyNyDIG
006 m o d
007 cr |||||||||||
008 241101s2023 ck a o 000 0 spa d
035 |a (OCoLC)1422231870 
040 |a DGITA  |b eng  |e rda  |e pn  |c DGITA 
020 |a 9789587253436  |q digital 
020 |z 9789587253443  |q impreso 
043 |a s-ck--- 
050 1 4 |a Z1003.5.C7 ebook 
245 0 0 |a Aferrarse al mundo :  |b historias de lectoras, lectores y sus bibliotecas /  |c Paula Andrea Marín Colorado [and 3 others], editoras académicas. 
250 |a Primera edición. 
264 1 |a Bogotá :  |b Editorial UTADEO,  |c [2023] 
300 |a 1 online resource :  |b illustrations. 
336 |a text  |b txt  |2 rdacontent 
337 |a computer  |b c  |2 rdamedia 
338 |a online resource  |b cr  |2 rdacarrier 
347 |a text file  |2 rdaft 
347 |b PDF 
588 0 |a Online resource; title from PDF title page (Digitalia, viewed November 1, 2024) 
650 0 |a Books and reading  |z Colombia. 
650 0 |a Libraries  |z Colombia. 
700 1 |a Marín Colorado, Paula Andrea,  |e editor. 
791 2 |a Digitalia (Firm),  |e distributor. 
793 0 |g Digitalia eBook Collection:  |a Editorial Jorge Tadeo Lozano 
776 0 8 |i Print version:  |t Aferrarse al mundo.  |b Primera edición en físico.  |d Bogotá : Editorial UTADEO, [2023]  |z 9789587253443 
856 4 0 |3 Digitalia Hispánica  |u https://www.digitaliapublishing.com/a/135933/ 
910 |a Premium collection: 2024